Engineering physics (Record no. 4932)

MARC details
000 -LEADER
fixed length control field 00426nam a2200157Ia 4500
003 - CONTROL NUMBER IDENTIFIER
control field SGT
020 ## - INTERNATIONAL STANDARD BOOK NUMBER
International Standard Book Number 9788189757601
082 ## - DEWEY DECIMAL CLASSIFICATION NUMBER
Classification number 530
Item number DOG
100 ## - MAIN ENTRY--PERSONAL NAME
Personal name Dogra,Rakesh
245 ## - TITLE STATEMENT
Title Engineering physics
260 ## - PUBLICATION, DISTRIBUTION, ETC. (IMPRINT)
Name of publisher, distributor, etc S.K. Kataria & SONS
Place of publication, distribution, etc N.Delhi
Year of Publication 2009
300 ## - PAGE DESCRIPTION
No. of Pages 492p.
650 ## - SUBJECT ADDED ENTRY--TOPICAL TERM
Topical term or geographic name as entry element ENGINEERING PHYSICS
653 ## - KEYWORDS--INDEX TERM
Keyword term RELATIVISTIC MECHANICS, DIFFRACTION , POLARIZATION, LASERS,FIBER OPTICS AND HOLOGRAPHY
942 ## - ADDED ENTRY ELEMENTS (KOHA)
Source of classification or shelving scheme Dewey Decimal Classification
Koha item type Books
Holdings
Withdrawn status Lost status Source of classification or shelving scheme Damaged status Use restrictions Not for loan Collection code Home library Current library Shelving location Date acquired SGTU Full call number Accession No. (Barcode) Date last seen Bill Date Koha item type Total Checkouts Date last borrowed
    Dewey Decimal Classification   Restricted Access Not For Loan ENGINEERING SGT Engineering Library SGT Engineering Library Reference Book 28/04/2010 SGTU 530 DOG FE1014 09/02/2015 09/02/2015 Books    
    Dewey Decimal Classification         SGT Engineering Library SGT Engineering Library   28/04/2010 SGTU 530 DOG FE1015 17/05/2019 09/02/2015 Books 1 10/05/2018
    Dewey Decimal Classification         SGT Engineering Library SGT Engineering Library   28/04/2010 SGTU 530 DOG FE1016 18/03/2021 09/02/2015 Books 2 25/02/2021